000
00335 a2200109 4500
001
ART_10679
005
20260410161831.0
008
260409a
245
1
0
_a
El sistema bancario argentino 1990-2001
100
1
_a
Frediani, Ramón O.
773
0
_t
Actualidad Económica
_g
- Año XII, Nº 53 (ago./dic. 2002)
_w
REV5083
999
_c
23198
_d
23198